The management of the British economy, 1945-60 / (Record no. 3854)
[ view plain ]
| 000 -LEADER | |
|---|---|
| fixed length control field | 00941nam a2200289 a 4500 |
| 001 - CONTROL NUMBER | |
| control field | 3854 |
| 003 - CONTROL NUMBER IDENTIFIER | |
| rucl marc code | UkOxU |
| 005 - DATE AND TIME OF LATEST TRANSACTION | |
| control field | 20211208233807.0 |
| 008 - FIXED-LENGTH DATA ELEMENTS--GENERAL INFORMATION | |
| fixed length control field | 131221r19651964enka b 001 0 eng d |
| 020 ## - INTERNATIONAL STANDARD BOOK NUMBER | |
| International Standard Book Number | 0521094674 (pbk) |
| 035 ## - SYSTEM CONTROL NUMBER | |
| System control number | OCLC ocm30282357 from D950606M |
| 040 ## - CATALOGING SOURCE | |
| Original cataloging agency | UKM |
| Transcribing agency | UKM |
| Modifying agency | EQO |
| Language of cataloging | eng |
| 041 ## - LANGUAGE CODE | |
| Language code of text/sound track or separate title | eng |
| 082 ## - DEWEY DECIMAL CLASSIFICATION NUMBER | |
| Classification number | 338.942 |
| Edition number | 18 |
| 100 1# - MAIN ENTRY--PERSONAL NAME | |
| Personal name | Dow, J. C. R. |
| Fuller form of name | (J. Christopher R.) |
| 9 (RLIN) | 12289 |
| 245 14 - TITLE STATEMENT | |
| Title | The management of the British economy, 1945-60 / |
| Statement of responsibility, etc. | by J.C.R. Dow ; with a foreword by Sir Robert Hall. |
| 260 ## - PUBLICATION, DISTRIBUTION, ETC. (IMPRINT) | |
| Place of publication, distribution, etc. | Cambridge : |
| Name of publisher, distributor, etc. | Cambridge University Press, |
| Date of publication, distribution, etc. | 1964 [Reprinted 1965] |
| 300 ## - PHYSICAL DESCRIPTION | |
| Pagination | xx, 439 p. : |
| Illustrations | ill. ; |
| Size | 23 cm. |
| 490 1# - SERIES STATEMENT | |
| Series statement | N.I.E.S.R.students' edition ; |
| Volume/sequential designation | 3 |
| 500 ## - GENERAL NOTE | |
| General note | Originally published: 1964 |
| General note | Includes bibliographical references and index. |
| 830 #0 - SERIES ADDED ENTRY--UNIFORM TITLE | |
| Volume number/sequential designation | 3 |
| Uniform title | N.I.E.S.R.students' edition ; |
| 942 ## - ADDED ENTRY ELEMENTS (KOHA) | |
| Source of classification or shelving scheme | Dewey Decimal Classification |
| Koha item type | Books |
| Lost status | Source of classification or shelving scheme | Damaged status | Not for loan | Collection code | Permanent Location | Current Location | Shelving location | Date acquired | Source of acquisition | Cost, normal purchase price | Total Checkouts | Full call number | Date last seen | Copy number | Koha item type |
|---|---|---|---|---|---|---|---|---|---|---|---|---|---|---|---|
| Dewey Decimal Classification | Not For Loan | Non-fiction | Central Library, University of Rajshahi | Central Library, University of Rajshahi | Reading Room | 19/10/1968 | Nathional bank agency | 56.70 | 338.942 DOM 1965 | 21/12/2013 | C-1 | Books | |||
| Dewey Decimal Classification | Non-fiction | Central Library, University of Rajshahi | Central Library, University of Rajshahi | 07/01/1970 | Zeit | 60.00 | 338.942 DOM 1968 | 26/07/2016 | C-2 | Books |